000
00278nam a22001217a 4500
008
181218b xxu||||| |||| 00| 0 eng d
041
_a
eng
080
_2
8th
_a
610
100
_a
4
101
_a
SHM
245
_a
Diabetes Mellitus
_c
Lilly Research Laboratories
942
_2
udc
_c
BK
999
_c
53381
_d
53381